Famous Republicans - Picture Quiz #2 - Statistics

General Stats
  • This quiz has been taken 184 times
  • The average score is 9 of 12
Answer Stats
Picture Answer % Correct
George W. Bush
99%
Abraham Lincoln
97%
Richard Nixon
95%
Dwight D. Eisenhower
92%
Arnold Schwarzenegger
91%
Mike Pence
85%
Sarah Palin
85%
Ulysses S. Grant
81%
Bob Dole
59%
Ron Paul
50%
Mike Huckabee
42%
Jeff Sessions
37%
No matching quizzes found
Score Distribution
Percent of People with Each Score
Percentile by Number Answered
Your Score History
You have not taken this quiz